| Поле | Инд. | ПП | Название | Значение |
|---|---|---|---|---|
| Тип записи | a | |||
| Библиографический уровень | b | |||
| 001 | Контрольный номер | RU/IS/BASE/386860706 | ||
| 005 | Дата корректировки | 20200522191519.5 | ||
| 008 | Кодируемые данные | 20120404 | ||
| 084 | a | Индекс другой классификации/Индекс ББК | 60.8 | |
| 100 | 1_ | a | Автор | Магомедов Р. |
| 100 | 1_ | a | Автор | Тагиров Ш. |
| 100 | 1_ | a | Автор | Гасанова К. |
| 245 | a | Заглавие | Формирование системы мониторинга рынка услуг в муниципальном округе | |
| 504 | a | Библиография | Библиогр. | |
| 520 | a | Аннотация | Предлагается адаптивная методика формирования системы мониторинга рынка услуг в муниципальном округе с разработкой соответствующего алгортма, описанием этапов и возможных вариантов проведения. | |
| 650 | a | Основная рубрика | социальное управление | |
| 653 | a | Ключевые слова | коммерческие услуги | |
| a | Ключевые слова | местное самоуправление | ||
| a | Ключевые слова | мониторинг услуг | ||
| a | Ключевые слова | муниципалитеты | ||
| a | Ключевые слова | муниципальные услуги | ||
| a | Ключевые слова | рынок услуг | ||
| a | Ключевые слова | управление услугами | ||
| 773 | t | Заглавие источника | РИСК: ресурсы, информация, снабжение, конкуренция | |
| d | Дата издания источника | 2011 | ||
| g | Прочая информация | № 4. - С. 504 - 509 : табл., схем. | ||
| w | Контрольный № источника | RU/IS/BASE/384345860 | ||
| 901 | t | Тип документа | b |